CROPPING AND FARMING SYSTEMS (Record no. 5174)

MARC details
000 -LEADER
fixed length control field 00386nam a22001697a 4500
005 - DATE AND TIME OF LATEST TRANSACTION
control field 20160903151441.0
008 - FIXED-LENGTH DATA ELEMENTS--GENERAL INFORMATION
fixed length control field 160903b xxu||||| |||| 00| 0 eng d
020 ## - INTERNATIONAL STANDARD BOOK NUMBER
ISBN 978-817754
041 ## - LANGUAGE CODE
Language code of text/sound track or separate title eng
082 ## - DEWEY DECIMAL CLASSIFICATION NUMBER
Item number 20945
100 ## - MAIN ENTRY--AUTHOR NAME
Personal name PANDA,S.C
245 ## - TITLE STATEMENT
Title CROPPING AND FARMING SYSTEMS
260 ## - PUBLICATION, DISTRIBUTION, ETC. (IMPRINT)
Name of publisher AGROBIOS
Year of publication 2016
300 ## - PHYSICAL DESCRIPTION
Number of Pages 1200
650 ## - SUBJECT ADDED ENTRY--TOPICAL TERM
Topical Term AGRICULTURE
942 ## - ADDED ENTRY ELEMENTS (KOHA)
Koha item type Books
Holdings
Lost status Damaged status Collection code Home library Current library Shelving location Date acquired Source of acquisition Cost, normal purchase price Full call number Accession Number Copy number Koha item type
    Reference JRU Library JRU Library SHELF-2-E 03/09/2016 PURCHASE 1200.00 631.1 20945 3 Books
    AGRICULTURE JRU Library JRU Library SHELF-14-G 03/09/2016 PURCHASE 1200.00 20945 20946 3 Books
    AGRICULTURE JRU Library JRU Library SHELF-14-G 03/09/2016 PURCHASE 1200.00 20945 20947 3 Books
    Reference JRU Library JRU Library SHELF-2-C 30/04/2017 PURCHASE 1500.00 631.5 21598   Books